Ethics and economics in the context of spiritual sources of development

Etika ako kľúčový faktor determinujúci hospodársku politiku štátu a individuálnych subjektov. Nová etika. Etické dimenzie hospodárskej politiky štátu a podnikateľského prostredia. Etika a finančný sektor, dopad absencie etiky na činnosť ekonomických subjektov. Etika a ekonomické reformy.

Gespeichert in:
Bibliographische Detailangaben
1. Verfasser: Ivanová, Pavlína
Format: Buchkapitel
Sprache:Englisch
Schlagworte:
Tags: Tag hinzufügen
Keine Tags, Fügen Sie das erste Tag hinzu!

MARC

LEADER 00000naa$a2200000$$$4500
001 0177127
005 20240502073022.7
041 0 |a eng 
044 |a SK 
245 1 0 |a Ethics and economics in the context of spiritual sources of development  |c Pavlína Ivanová 
520 |a Etika ako kľúčový faktor determinujúci hospodársku politiku štátu a individuálnych subjektov. Nová etika. Etické dimenzie hospodárskej politiky štátu a podnikateľského prostredia. Etika a finančný sektor, dopad absencie etiky na činnosť ekonomických subjektov. Etika a ekonomické reformy. 
610 2 0 |a etika 
610 2 0 |a politika hospodárska 
610 2 0 |a hospodárstvo národné 
610 2 0 |a financie 
610 2 0 |a reformy hospodárske 
100 1 |a Ivanová, Pavlína